<?xml version="1.0" encoding="UTF-8"?>
<marc:record xmlns:marc="http://www.loc.gov/MARC21/slim">
   <marc:leader>00000nam a2200000 a 4500</marc:leader>
   <marc:datafield ind1="0" ind2="0" tag="245">
      <marc:subfield code="a">It`s a Very Merry Muppet Christmas Movie</marc:subfield>
   </marc:datafield>
   <marc:datafield ind1="0" ind2="0" tag="245">
      <marc:subfield code="b">211</marc:subfield>
   </marc:datafield>
   <marc:datafield ind1=" " ind2="1" tag="264">
      <marc:subfield code="b">Metro Goldwyn Meyer</marc:subfield>
   </marc:datafield>
   <marc:datafield ind1="1" ind2=" " tag="520">
      <marc:subfield code="a">Weihnachten steht vor der Tür und das Muppet -Theater vor dem Bankrott. Selbst der ewig optimistische Kermit würde am liebsten seinen Indentantenposten gegen einen schlammigen Froschteich  tauschen. Jetzt hilft nur noch ein Wunder! Himmlische Hilfe naht, um Kermit und Co. das größte Wunder der Welt zu bringen. Freundschaft.</marc:subfield>
   </marc:datafield>
   <marc:datafield ind1=" " ind2=" " tag="500">
      <marc:subfield code="a">Deutsch, Englisch, Französisch, Spanisch, Polnisch</marc:subfield>
   </marc:datafield>
   <marc:datafield ind1=" " ind2=" " tag="300">
      <marc:subfield code="a">84 Min.</marc:subfield>
   </marc:datafield>
</marc:record>
